01620nam a2200361 a 4500001001200000003000800012006001900020007001500039008004100054020001800095020002700113040002100140035002100161050002400182082001900206100002800225245016900253260003000422300004300452490005000495490005600545504005100601533015200652588008900804650004500893650004200938655002900980700002501009710001701034830006401051856012601115999001701241ebr10728513CaPaEBRm o u cr cn|||||||||150303s2012 nyua sb 001 0 eng d z9781614700180 z9781614701705 (e-book) aCaPaEBRcCaPaEBR a(OCoLC)85456919314aTD367b.K334 2012eb04a363.739/422231 aKachiashvili, Karlos J.10aAdvanced modeling and computer technologies for fluvial water quality research and controlh[electronic resource] /cKarlos J. Kachiashvili and D. Y. Melikdzhanian. aNew York :bNova,cc2012. a1 online resource (ix, 348 p.) :bill.0 aComputer science, technology and applications1 aWater Resource Planning, Development and Management aIncludes bibliographical references and index. aElectronic reproduction.bPalo Alto, Calif. :cebrary,d2015.nAvailable via World Wide Web.nAccess may be limited to ebrary affiliated libraries. aDescription based on online resource; title from title page (ebrary, July 18, 2013). 0aWater qualityxMeasurementxMathematics. 0aWaterxPollutionxSimulation methods. 7aElectronic books.2local1 aMelikdzhanian, D. Y.2 aebrary, Inc. 0aWater resource planning, development and management series.40uhttp://site.ebrary.com/lib/rucke/Doc?id=10728513zAn electronic book accessible through the World Wide Web; click to view c37214d37214